Peep Show Characters - Statistics

General Stats
  • This quiz has been taken 2,171 times
    1,418 since last reset
  • The average score is 16 of 20
Answer Stats
Hint Answer % Correct
Main character played by David Mitchell Mark Corrigan
100%
Main character played by Robert Webb Jeremy Usborne
99%
IT worker and Mark's ex-girlfriend Dobby
98%
Mark's wife who he divorces almost immediately Sophie Chapman
98%
Untrustworthy drug addict and friend of Jeremy Super Hans
98%
Mark's suave and aggressive boss Alan Johnson
96%
Posh ex-girlfriend of both Jeremy and above Big Suze
95%
Mark's Liverpudlian work colleague and love rival for above Jeff Heaney
93%
Mark's nerdy love rival for above Gerard Matthew
89%
American hippie who marries Jeremy for a visa Nancy
79%
Name of both Mark's father-in-law and Mark's son with Sophie Ian Chapman
78%
Neighbour and object of both Mark's and Jeremy's affections Toni
76%
Mark's sister Sarah Corrigan
71%
Russian with whom Jeremy has an affair Elena
69%
Historian, former student and shoe salesgirl April Danecroft
65%
Girlfriend of above and owner of Mexican restaurant Gail Huggins
63%
Boyfriend of above, temporarily in a coma Ben
62%
Love interest of Jeremy with highbrow interests Zahra
56%
Man with whom Jeremy has an affair Joe
41%
Girlfriend of above and life-coaching client of Jeremy Megan
26%
No matching quizzes found
Score Distribution
Percent of People with Each Score
Percentile by Number Answered
Your Score History
You have not taken this quiz since the last reset